Fußballer die den Ballon d‘Or gewannen - Fußball Sudden Death #3 - Statistiken

Allgemein
  • Dieses Quiz wurde 7.084 mal gespielt
  • Das Durchschnittsergebnis liegt bei 9 aus 17
Answers on the Grid
Answers color-coded by a green-red scale on the quiz's grid according to % correct below.
Lothar Matthäus
Rivaldo
Lionel Messi
George Weah
Manuel Neuer
Pavel Nedved
Karim Benzema
Patrick Viera
Eric Cantona
Neymar jr.
Wayne Rooney
Luka Modric
Andrea Pirlo
Marco van Basten
Paolo Maldini
Andres Iniesta
Robert Lewandowski
Fabio Cannavaro
Xavi
Denis Bergkamp
Andriy Shevchenko
Zinedine Zidane
Mathias Sammer
Roberto Baggio
Thierry Henry
Cristiano Ronaldo
Frank Lampard
Michael Owen
Ronaldinho
Kaka
 
Antwortstatistiken
Antwort % Korrekt
Lionel Messi
91%
Karim Benzema
76%
Lothar Matthäus
74%
Luka Modric
69%
Cristiano Ronaldo
61%
Pavel Nedved
52%
Ronaldinho
52%
Zinedine Zidane
51%
Kaka
50%
George Weah
44%
Fabio Cannavaro
42%
Marco van Basten
42%
Rivaldo
41%
Andriy Shevchenko
38%
Mathias Sammer
36%
Michael Owen
32%
Roberto Baggio
24%
Keine übereinstimmenden Quizze gefunden
Verteilung der Resultate
Anzahl Personen mit jedem Resultat
Perzentil nach korrekt beantworteten Fragen
Ihre Resultats-Entwicklung
Sie haben dieses Quiz noch nicht gespielt